000 00782nam a2200217Ii 4500
003 JO-AjNU
008 230605s9999||||xx |||||||||||||| ||und||
017 _a2010/1/178
040 _aJO-AjNU
_bara
_erda
_cJO-AjNU
041 _aara
050 1 4 _aHF 5686 .C8.J38 2010
100 3 _aاعداد: جودة، عبد الحكيم مصطفى,
_eauthor
_929530
245 0 0 _aمحاسبة التكاليف =Cost Accounting
250 _aط1
264 3 1 _aعمان: مؤسسة تسنيم للنشر والتوزيع، 2010
300 _a554ص
_bيحتوي على مصطلحات وببلوغرافية من ص537-554ص
336 _atext
_btxt
_2rdacontent
337 _aunmediated
_bn
_2rdamedia
338 _avolume
_bnc
_2rdacarrier
650 4 _aمحاسبة التكاليف
_929531
999 _aA11594
_c15162
_d15162